Handbook of pediatrics/ (Record no. 7990)

MARC details
000 -LEADER
fixed length control field 00597 a2200193 4500
010 ## - LCCN (DPL NO)
LC control number ENG-88266
020 ## - INTERNATIONAL STANDARD BOOK NUMBER
International Standard Book Number 8180040119
Terms of availability 245.00
035 ## - SYSTEM CONTROL NUMBER
System control number EN-71799
037 ## - SOURCE OF ACQUISITION
Source of stock number/acquisition DBAD / PUB
082 14 - DEWEY DECIMAL CLASSIFICATION NUMBER
Classification number 618.92
100 1# - MAIN ENTRY--PERSONAL NAME
Personal name Santhosh Kumar, A.
245 1# - TITLE STATEMENT
Title Handbook of pediatrics/
Statement of responsibility, etc by A. Santosh Kumar
250 ## - EDITION STATEMENT
Edition statement 4th ed (repr)
260 ## - PUBLICATION, DISTRIBUTION, ETC. (IMPRINT)
Place of publication, distribution, etc New Delhi
Name of publisher, distributor, etc All India Publishers & Distributors
Date of publication, distribution, etc 2007
270 ## - ADDRESS
Address 4380/4B, Ansari Road, Darya Ganj,
City New Delhi
Postal code 110 002
300 ## - PHYSICAL DESCRIPTION
Extent 418p.
Dimensions 22cm (pbk )
Other physical details b&w photos
500 ## - GENERAL NOTE
General note Includes index
942 ## - ADDED ENTRY ELEMENTS (KOHA)
Institution code [OBSOLETE] dpl
Item type English Books
Source of classification or shelving scheme Dewey Decimal Classification
Classification part 618.92
Call number suffix SAN
Holdings
Withdrawn status Lost status Not for loan Collection code Home library Current library Source of acquisition Cost, normal purchase price Full call number Barcode Copy number Cost, replacement price Koha item type
    Not For Loan Non-fiction D.B.Act.Division D.B.Act.Division DBAD/PUB 245.00 618.92 SAN EN-71799 1 245.00 English Books

© Delhi Public Library
Hit Counter
free hit counter